Off-shoring on the increase (Record no. 118285)

MARC details
000 -LEADER
fixed length control field 01204cam a2200217 4500
001 - CONTROL NUMBER
control field WB@3612-118
008 - FIXED-LENGTH DATA ELEMENTS--GENERAL INFORMATION
fixed length control field 041110n2004 000 0 eng u
035 ## - SYSTEM CONTROL NUMBER
System control number (Sirsi) u127931
245 ## - TITLE STATEMENT
Title Off-shoring on the increase
260 ## - PUBLICATION, DISTRIBUTION, ETC.
Date of publication, distribution, etc. 2004
490 ## - SERIES STATEMENT
Series statement CBI News Release
Volume/sequential designation 8 November 2004 (4)
520 ## - SUMMARY, ETC.
Summary, etc. The CBI has warned that companies are under growing pressure to relocate parts of their business overseas. The argument is that the benefits of off-shoring outweigh the drawbacks and that it increases productivity, profitability and economic growth. CBI and Alba have jointly published a MORI survey and results show that 51% of respondents said pressure to off-shore has increased over the past two years. 31% of those had already taken some activities overseas and almost one in four are considering doing so in the future. The survey is available from the website. http://www.cbi.org.uk/ndbs/press.nsf/0363c1f07c6ca 12a8025671c00381cc7/e24077913ad853b480256f42004a30 89?OpenDocument
590 ## - LOCAL NOTE (RLIN)
Local note WB
590 ## - LOCAL NOTE (RLIN)
Local note WB
650 ## - SUBJECT ADDED ENTRY--TOPICAL TERM
Topical term or geographic name entry element CALL CENTRES
650 ## - SUBJECT ADDED ENTRY--TOPICAL TERM
Topical term or geographic name entry element OUTSOURCING
650 ## - SUBJECT ADDED ENTRY--TOPICAL TERM
Topical term or geographic name entry element OFFICE MARKET
650 ## - SUBJECT ADDED ENTRY--TOPICAL TERM
Topical term or geographic name entry element OFF-SHORING
690 ## - LOCAL SUBJECT ADDED ENTRY--TOPICAL TERM (OCLC, RLIN)
Topical term or geographic name as entry element Business and management
9 (RLIN) 6226
942 ## - ADDED ENTRY ELEMENTS (KOHA)
Suppress in OPAC 0
Holdings
Withdrawn status Lost status Source of classification or shelving scheme Damaged status Not for loan Home library Current library Shelving location Date acquired Total Checkouts Full call number Barcode Date last seen Copy number Price effective from Koha item type
    Dewey Decimal Classification     London London News article 10/11/2004   WB4043-02 127931-1001 06/08/2019 1 06/08/2019 News article